|
|
|
|
| LEADER |
00000nam0a2200000 4500 |
| 001 |
28142 |
| 005 |
20231030202705.0 |
| 010 |
|
|
|a 572450877X
|
| 035 |
|
|
|a (RuTPU)RU\TPU\book\28398
|
| 035 |
|
|
|a BOOK00000123
|
| 090 |
|
|
|a 28142
|
| 100 |
|
|
|a 20011209d1993 k y0rusy50 ca
|
| 101 |
0 |
|
|a rus
|
| 102 |
|
|
|a RU
|
| 105 |
|
|
|a a z 001zy
|
| 200 |
1 |
|
|a Надежность изделий из стеклопластика в химической промышленности
|f В. Г. Макаров, А. А. Шевченко
|
| 210 |
|
|
|a Москва
|c Химия
|d 1993
|
| 215 |
|
|
|a 127 с.
|c ил.
|
| 320 |
|
|
|a Библиогр.: с. 125-127 (83 назв.).
|
| 606 |
1 |
|
|a Стеклопластики
|2 stltpush
|3 (RuTPU)RU\TPU\subj\31205
|
| 610 |
1 |
|
|a химическая промышленность
|
| 610 |
1 |
|
|a аппаратура
|
| 610 |
1 |
|
|a стеклопластики
|
| 610 |
1 |
|
|a изделия
|
| 610 |
1 |
|
|a надежность
|
| 610 |
1 |
|
|a математическая статистика
|
| 610 |
1 |
|
|a теория вероятностей
|
| 610 |
1 |
|
|a конструкционные материалы
|
| 675 |
|
|
|a 678.5.067.5
|v 3
|
| 675 |
|
|
|a 66.02.002.3
|v 3
|
| 700 |
|
1 |
|a Макаров
|b В. Г.
|g Валерий Глебович
|
| 701 |
|
1 |
|a Шевченко
|b А. А.
|g Александр Алексеевич
|
| 801 |
|
0 |
|a RU
|b 63413507
|c 20011209
|g PSBO
|
| 801 |
|
2 |
|a RU
|b 63413507
|c 20191114
|g PSBO
|
| 942 |
|
|
|c BK
|